00279nam a2200121Ia 4500008004100000100000900041245004000050260002500090300000800115650001000123942000700133999001700140190216s9999||||xx |||||||||||||| ||und|| aNull 0aHindi-Samakalik Prashnadyay Darshan bPragathi Prakashan a596 aHindi cBK c15661d15661